Quiz Doctor Who (Facile 1) - Statistiques

Statistiques générales
  • Ce quiz a été pris 1 383 fois
  • Le résultat moyen est 10 sur 20
Statistiques - réponses
Questions Réponses % Correct
Sur quelle planète le Doctor a-t-il grandi ? Gallifrey
92%
Quelle est le nom du 12ème Doctor ? Peter Capaldi
74%
Sur quel matériau le tournevis sonique du Doctor ne marche-t-il pas ? Du bois
73%
Que ne faut-il surtout pas faire devant un ange pleureur ? Cligner des yeux
72%
Qui est le compagnon du 9ème et 10ème Doctor ? Rose Tyler
69%
Combien de coups frappés annoncent la mort du Doctor ? 4
67%
En quoi Amy était déguisée lors de sa deuxième rencontre avec le Doctor ? En policière
66%
Quelle espèce tient son cerveau dans la main ? Les Oods
65%
Où le Doctor rencontre-t-il pour la première fois River Song ? La Bibliothèque
63%
Et par quoi le 12ème Doctor le remplace-t-il ? Des lunettes
53%
Qui est le créateur des Daleks ? Davros
51%
Qu'est-ce que doit garder enfermé le Doctor et Nardole ? Missy
48%
Que "disent" la plupart des gens en entrant pour la première fois dans le TARDIS ? C'est plus grand à l'intérieur qu'à l'extérieur !
45%
A quelle reine le 10ème Doctor s'est-il marié ? Elisabeth I
43%
Quel est le surnom de Rory Williams ? Le dernier centurion
41%
Que représente ce chiffre pour un Seigneur du Temps? Les battements de ses coeurs
34%
Qui est la compagne de Mme Vastra ? Jenny Flint
33%
Et qui sera éternellement chanté dans leur chanson ? Donna Noble
24%
Quelle fonction les humains attribuent-ils au Doctor sur Terre ? Le Président du Monde
21%
Dans quelle ville le 13ème Doctor et ses compagnons s'emploient-ils à aider Rosa Parks ? Montgomery
9%
Aucun quiz correspondant
Distribution des résultats
% des personnes avec chaque résultat
Percentile par nombre de réponses
Votre historique - résultats
Vous n’avez pas pris ce quiz